[Event "BRA-ch U20"]
[Site "Florianopolis"]
[Date "2003.05.17"]
[Round "4"]
[White "Bedin, Rodrigo"]
[Black "Oestreich, Alexandre"]
[Result "1-0"]
[WhiteElo "1810"]
[BlackElo "1672"]
[PlyCount "39"]
[EventDate "2003.05.??"]
[EventType "swiss"]
[EventRounds "7"]
[EventCountry "BRA"]
[SourceTitle "EXT 2006"]
[Source "ChessBase"]
[SourceDate "2005.11.24"]
[SourceVersion "1"]
[SourceVersionDate "2005.11.24"]
[SourceQuality "1"]

1. e4 e5 2. Nf3 Nc6 3. Bb5 Nf6 4. 0-0 Bc5 5. c3 Nxe4 6. d4 Bb6 7. Re1 Nd6 8. Nxe5 Nxe5 9. Rxe5+ Kf8 10. Bd3 Qf6 11. Bg5 Qxe5 12. dxe5 Ne8 13. Bc4 c6 14. Qf3 d5 15. exd6 Nxd6 16. Bb3 Bf5 17. Bf4 Ne4 18. Be3 Re8 19. Qxf5 Nxf2 20. Qxf7# 1-0

[Event "BRA-ch U20"]
[Site "Florianopolis"]
[Date "2003.05.16"]
[Round "3"]
[White "Purcotes, Francisco Jr"]
[Black "Bedin, Rodrigo"]
[Result "1-0"]
[WhiteElo "1894"]
[BlackElo "1810"]
[PlyCount "76"]
[EventDate "2003.05.??"]
[EventType "swiss"]
[EventRounds "7"]
[EventCountry "BRA"]
[SourceTitle "EXT 2006"]
[Source "ChessBase"]
[SourceDate "2005.11.24"]
[SourceVersion "1"]
[SourceVersionDate "2005.11.24"]
[SourceQuality "1"]

1. d4 Nf6 2. c4 e6 3. Nf3 d5 4. cxd5 exd5 5. Bg5 Be7 6. Nc3 0-0 7. Qc2 c5 8. e3 Nc6 9. Be2 Nb4 10. Qb1 g6 11. 0-0 Bf5 12. Qd1 Be6 13. a3 Nc6 14. Rc1 c4 15. Ne5 Qb6 16. Na4 Qc7 17. Nxc6 Qxc6 18. Nc3 b5 19. Bf3 Rfe8 20. Bxf6 Bxf6 21. e4 Rad8 22. exd5 Rxd5 23. Nxd5 Bxd5 24. Bxd5 Qxd5 25. Rc2 h5 26. Qf3 Qxf3 27. gxf3 Bxd4 28. Rd1 Bb6 29. Rd5 Rb8 30. Kg2 Bc7 31. Rd7 Bb6 32. Re2 Bc5 33. Re5 c3 34. Rxc5 cxb2 35. Rd1 b4 36. a4 Re8 37. Rc2 b3 38. Rxb2 Rb8 1-0